00394nam a2200157Ia 4500003000400000008004100004040001600045082001600061100001900077245005100096700002100147700001800168260003000186300001200216650000800228GCL140319s9999 xx 000 0 eng d aGCL / cGCL04aAb743bL H1 aLEYMARIE, JEAN10aHISTOIRE D'UN ART LE DESSIN / cLEYMARIE, JEAN1 aMONNIER, GERVEVE1 aROSE, BERNICE a[S.N] : bSKIRA ، c1979 a279 P P04aART